000 00857nam a2200253Ia 4500
003 OSt
005 20221005050055.0
006 a|||||r|||| 00| 0
007 ta
008 221004b |||||||| |||| 00| 0 eng d
020 _c225
024 _a90049
037 _bG-3255/07-08, 22/02/2008, Manohar Publisher & Distributors
_cTextual
040 _aCRL
_cCRL
_beng
041 _2eng
_aeng
082 _aV2:51.M5, P7
100 _aChakrabarty Ramakanta
_941410
245 0 _aMutinies and the people or statements of native fidelity
_b Exhibited during the outbreak of 1857-58
260 _aKolkata
_bThe Asiatic Society India
_c2007
300 _axvi,175p.
_ccm.
650 _aHISTORY
942 _hV2:51.M5, P7
_cTEXL
_2cc
999 _c956267
_d956267